El Corán / (Record no. 47348)

MARC details
000 -LEADER
campo de control de longitud fija 00691nam a2200229 i 4500
001 - NÚMERO DE CONTROL
campo de control 47348
003 - IDENTIFICADOR DE NÚMERO DE CONTROL
campo de control ES-MaACL
005 - FECHA Y HORA DE LA ÚLTIMA TRANSACCIÓN
campo de control 20250730071622.0
007 - CAMPO FIJO DE DESCRIPCIÓN FÍSICA--INFORMACIÓN GENERAL
campo de control de longitud fija t|
008 - DATOS DE LONGITUD FIJA--INFORMACIÓN GENERAL
campo de control de longitud fija 030407s1953 sp ||||1| spa d
130 0# - ENTRADA PRINCIPAL--TÍTULO UNIFORME
Título uniforme Corán.
Lenguaje de la obra Español.
9 (RLIN) 120330
245 13 - MENCIÓN DEL TÍTULO
Título El Corán /
Mención de responsabilidad, etc. traducción y prólogo de Juan Vernet.
250 ## - MENCION DE EDICION
Mención de edición 1ª ed.
260 ## - PUBLICACIÓN, DISTRIBUCIÓN, ETC.
Lugar de publicación, distribución, etc. Barcelona :
Nombre del editor, distribuidor, etc. José Janés,
Fecha de publicación, distribución, etc. 1953 (
Fabricante C. Puig)
300 ## - DESCRIPCIÓN FÍSICA
Extensión XLI, 442 p. ;
Dimensiones 20 cm.
490 1# - MENCIÓN DE SERIE
Mención de serie El mensajero. Literatura árabe
630 04 - PUNTO DE ACCESO ADICIONAL DE MATERIA--TÍTULO UNIFORME
Título uniforme Corán.
9 (RLIN) 11361
700 1# - ENTRADA AGREGADA--NOMBRE PERSONAL
Nombre de persona Vernet, Juan,
Fechas asociadas al nombre 1923-2011
9 (RLIN) 114171
830 0# - PUNTO DE ACCESO ADICIONAL DE SERIE-TÍTULO UNIFORME
Título uniforme El mensajero. Literatura árabe
9 (RLIN) 230022
852 ## - LOCALIZACIÓN
Ubicación ES-MaACL
Número de control de estantería C-6809
Sublocalización o colección R.34824
Holdings
Estatus retirado Estado de pérdida Estado de daño No para préstamo Biblioteca de origen Biblioteca actual Ubicación en estantería Fecha de adquisición Fuente de adquisición Total de préstamos Signatura topográfica completa Código de barras Visto por última vez Precio de reemplazo Tipo de ítem Koha
        Biblioteca del Ateneo de Madrid Biblioteca del Ateneo de Madrid Sala Palomar 17/01/2008     C-6809 1049797 23/02/2023 23/02/2023 Libro impreso